Villes traversées par l'autoroute A42 - Statistiques

Statistiques générales
  • Ce quiz a été pris 21 fois
  • Le résultat moyen est 3 sur 5
Statistiques - réponses
ville population kilomètre % Correct
Lyon 526 964 0
100%
Villeurbanne 161 203 0
90%
Vaulx-en-Velin 54 688 2
65%
Ambérieu-en-Bugey 15 203 42
50%
Rillieux-la-Pape 31 178 5
35%
Aucun quiz correspondant
Distribution des résultats
% des personnes avec chaque résultat
Percentile par nombre de réponses
Votre historique - résultats
Vous n’avez pas pris ce quiz